| 000 | 01062nam a22002537a 4500 | ||
|---|---|---|---|
| 005 | 20170124103209.0 | ||
| 010 | _aB-072237 | ||
| 020 |
_c350.00 _a8187339403 |
||
| 035 | _aB-072237 | ||
| 037 | _bCen Lib/Ret | ||
| 040 |
_aDPL _bHN |
||
| 082 |
_a645 _bभार्गव |
||
| 100 |
_aभार्गव, बेला _995452 |
||
| 245 |
_aकला के सिद्धान्त एवं आन्तरिक सज्जा / _cबेला भार्गव |
||
| 246 |
_aKala ke siddhant ewam aantrik sajja / _bby Bela Bhargav |
||
| 260 |
_aजयपुर _bयूनिवर्सिटी बुक हाउस _c2001 |
||
| 270 |
_a79, चौड़ा रास्ता _bजयपुर _e302 003 |
||
| 300 |
_a187पृ. : _c20सेमी(सजिल्द) _bसचित्र |
||
| 650 |
_aकला -- तत्व _93671 |
||
| 650 |
_aकला -- सिद्धान्त _946991 |
||
| 650 |
_aArt - Element _995453 |
||
| 650 |
_aArt - Theory _986604 |
||
| 942 |
_2ddc _cHN _h645 _mभार्गव |
||
| 999 |
_c121191 _d121191 |
||